[Event "AUT-chT2O 1112"]
[Site "Austria"]
[Date "2011.11.05"]
[Round "3.6"]
[White "Gstach, Jakob"]
[Black "Englisch, Dieter"]
[Result "1-0"]
[WhiteElo "2043"]
[BlackElo "2023"]
[PlyCount "85"]
[EventDate "2011.10.15"]
[EventType "team-tourn"]
[EventRounds "11"]
[EventCountry "AUT"]
[SourceTitle "EXT 2013"]
[Source "ChessBase"]
[SourceDate "2012.11.22"]
[SourceVersion "1"]
[SourceVersionDate "2012.11.22"]
[SourceQuality "1"]
[WhiteTeam "Wien Ottakring"]
[BlackTeam "Niederabsdorf"]
[WhiteTeamCountry "AUT"]
[BlackTeamCountry "AUT"]

1. d4 Nf6 2. c4 e6 3. Nc3 Bb4 4. Qc2 d5 5. a3 Bxc3+ 6. Qxc3 Ne4 7. Qc2 c6 8. e3 f5 9. Bd3 0-0 10. Ne2 Nd7 11. f3 Nef6 12. Bd2 g6 13. 0-0-0 a6 14. h4 b5 15. c5 Kf7 16. Rdf1 Rg8 17. b4 Nf8 18. g4 Ke8 19. g5 Nh5 20. Rfg1 Ra7 21. Kb2 Rf7 22. Be1 Bd7 23. a4 Bc8 24. Ng3 Nxg3 25. Bxg3 Ra7 26. Be5 Nd7 27. Bd6 Nf8 28. h5 Bd7 29. h6 Bc8 30. Qh2 Kf7 31. Qe5 Nd7 32. Qf4 Re8 33. Ra1 Rb7 34. axb5 axb5 35. Ra6 Nf8 36. Rxc6 Kg8 37. Ra1 Qd7 38. Rca6 Qf7 39. c6 Rbe7 40. Bxe7 Bxa6 41. Bxf8 Qxf8 42. Rxa6 Qxb4+ 43. Kc2 1-0

[Event "Vienna op-A 15th"]
[Site "Vienna"]
[Date "2006.07.30"]
[Round "2"]
[White "Fusi, Christoph"]
[Black "Englisch, Dieter"]
[Result "1-0"]
[WhiteElo "2317"]
[BlackElo "2070"]
[PlyCount "93"]
[EventDate "2006.07.29"]
[EventType "swiss"]
[EventRounds "9"]
[EventCountry "AUT"]
[SourceTitle "CBM 113 Extra"]
[Source "ChessBase"]
[SourceDate "2006.09.14"]
[SourceVersion "1"]
[SourceVersionDate "2006.09.14"]
[SourceQuality "1"]

1. e4 e6 2. d4 d5 3. Nc3 Bb4 4. exd5 exd5 5. Bd3 Nf6 6. Bg5 h6 7. Qe2+ Be6 8. Bh4 Nc6 9. Bb5 g5 10. Bg3 Ne4 11. Qe3 Qe7 12. Nge2 Nxg3 13. hxg3 Bd7 14. Qd3 Qe4 15. 0-0-0 Qxd3 16. Rxd3 Be6 17. Re3 0-0-0 18. Bd3 Be7 19. Bb5 Na5 20. f4 Bf6 21. f5 Bd7 22. Nxd5 Bxb5 23. Nxf6 Bxe2 24. Rxe2 Rxd4 25. b3 Nc6 26. Rd2 Rxd2 27. Kxd2 Ne7 28. g4 c6 29. c4 c5 30. Ke3 Nc6 31. Rd1 Nd4 32. Kf2 Kc7 33. Re1 Nc6 34. Nd5+ Kd6 35. Nc3 Nd4 36. Ne4+ Kc6 37. Rh1 b6 38. Nxg5 Re8 39. Rxh6+ Kb7 40. Nxf7 Re2+ 41. Kg3 Rxa2 42. Ne5 Ra3 43. Rh7+ Kc8 44. f6 Rxb3+ 45. Kf4 Rb1 46. f7 Rf1+ 47. Nf3 1-0